00628nam a2200193Ia 4500008004100000020001400041082001200055100002900067245005100096250000900147260004400156300002500200500001900225600003300244650001700277942000700294952011800301999001500419240925s9999 xx 000 0 und d a852296330 a030 BRI aEncyclopedia , Britinica 4aThe New Encyclopaedia Britannica: micropaedia  a15th aChicago:bEncyclopadia Britanicc,1998. a1173p.b26fOriginal aIncludes Index aHumanities & Natural Science aEncyclopedia cBK 001040708HUMaUITUbUITUd2002-07-16eP.I.A g47200.00l0o030 BRIpQ4455r2024-09-25 07:13:31w2024-09-25yBK c6954d6954